00457nam a2200181 a 4500001001300000003000900013005001700022008004100039020001000080082001300090100001900103245002200122260005800144300000900202500003500211505001000246700001900256nice12345678IN_TiNIC20260116011710.0050524s1941 hyda grp 000 0 urd  ac10000a150bHEA aHeart, Bernard aNafsiyat-E-Junoon aHyderabadbDarut Taba Jamia Osmania sarkar aalic1941 a128p aincludes index and biblioraphy2 aIndex1 aHeart, Bernard